La novelística de Miguel Delibes / (Record no. 105156)

MARC details
000 -LEADER
campo de control de longitud fija 00715nam a22002171 4500
001 - NÚMERO DE CONTROL
campo de control 105156
003 - IDENTIFICADOR DE NÚMERO DE CONTROL
campo de control ES-MaACL
005 - FECHA Y HORA DE LA ÚLTIMA TRANSACCIÓN
campo de control 20230906183811.0
007 - CAMPO FIJO DE DESCRIPCIÓN FÍSICA--INFORMACIÓN GENERAL
campo de control de longitud fija t|
008 - DATOS DE LONGITUD FIJA--INFORMACIÓN GENERAL
campo de control de longitud fija 060615s1973 sp ||||0| spa d
016 7# - NÚMERO DE CONTROL DE UNA AGENCIA BIBLIOGRÁFICA NACIONAL
Número de control cancelado/no válido IND9200523221
040 ## - FUENTE DE CATALOGACIÓN
Centro catalogador/agencia de origen M-BN
Lengua de catalogación spa
Centro/agencia transcriptor A2
080 ## - NÚMERO DE LA CLASIFICACIÓN DECIMAL UNIVERSAL
Número de la Clasificación Decimal Universal 860 Delibes, Miguel 1.06
100 1# - ENTRADA PRINCIPAL--NOMBRE DE PERSONA
Nombre de persona López Martinez, Luis.
9 (RLIN) 73759
245 13 - MENCIÓN DEL TÍTULO
Título La novelística de Miguel Delibes /
Mención de responsabilidad, etc. Luis López Martínez.
260 ## - PUBLICACIÓN, DISTRIBUCIÓN, ETC.
Lugar de publicación, distribución, etc. Murcia :
Nombre del editor, distribuidor, etc. Universidad de Murcia, Departamento de Literatura Española,
Fecha de publicación, distribución, etc. 1973.
300 ## - DESCRIPCIÓN FÍSICA
Extensión 212 p., 2 h ;
Dimensiones 21 cm.
600 14 - PUNTO DE ACCESO ADICIONAL DE MATERIA--NOMBRE DE PERSONA
Nombre de persona Delibes, Miguel,
Fechas asociadas al nombre 1920-2010
Subdivisión general Crítica e interpretación
9 (RLIN) 43507
852 ## - LOCALIZACIÓN
Ubicación ES-MaACL
Número de control de estantería C-52075
Sublocalización o colección R.85167
Holdings
Estatus retirado Estado de pérdida Estado de daño No para préstamo Biblioteca de origen Biblioteca actual Ubicación en estantería Fecha de adquisición Fuente de adquisición Total de préstamos Signatura topográfica completa Código de barras Visto por última vez Precio de reemplazo Tipo de ítem Koha
        Biblioteca del Ateneo de Madrid Biblioteca del Ateneo de Madrid Depósito 2 17/01/2008     C-52075 1109785 23/02/2023 23/02/2023 Libro impreso